=LDR 00000nam 2200000 4500 =001 000164 =020 $9786027050181 =082 $664.000 =100 $A. Unjiya =245 $Pembuatan garam rakyat dengan teknologi geomembran =250 $Cetakan 3 =264 $Yogyakarta: Salma Idea 2024 =300 $119 halaman; 20,5 cm. =650 $Teknologi makanan =905 $664 UNJ p =336 $$a =337 $$a =338 $$a =005 20260702151432.0 =008 260702s2026\\\\\\\\\\\\\\\\\\\\\\\\\\\\\\\\\\\\\\\\\